Aprender y enseñar terapia / (Record no. 85007)

MARC details
000 -CABECERA
campo de control de longitud fija 00611nam a2200217 a 4500
005 - FECHA Y HORA DE LA ÚLTIMA TRANSACCIÓN
campo de control 20241012063720.0
008 - ELEMENTOS DE LONGITUD FIJA--INFORMACIÓN GENERAL
campo de control de longitud fija 010910s1997 r 000 0 eng d
020 ## - NÚMERO INTERNACIONAL NORMALIZADO PARA LIBROS
Número Internacional Estándar del Libro 9505185715
035 ## - NÚMERO DE CONTROL DEL SISTEMA
Número de control de sistema UPN01000111098
049 ## - COLECCIÓN
Colección CG
050 #4 - SIGNATURA TOPOGRÁFICA DE LA BIBLIOTECA DEL CONGRESO
Número de clasificación RC459
Número de documento/Ítem H3.418
100 1# - ASIENTO PRINCIPAL--NOMBRE PERSONAL
Nombre de persona Haley, Jay,
Fechas asociadas al nombre 1923-2007
9 (RLIN) 28377
245 10 - MENCIÓN DE TÍTULO
Título Aprender y enseñar terapia /
Mención de responsabilidad, etc. Jay Haley ; tr. Zoraida J. Valcárcel
260 ## - PUBLICACIÓN, DISTRIBUCIÓN, ETC.
Lugar de publicación, distribución, etc. Buenos Aires :
Nombre del editor, distribuidor, etc. Amorrortu,
Fecha de publicación, distribución, etc. 1997
300 ## - DESCRIPCIÓN FÍSICA
Extensión 309 p.
440 #0 - MENCIÓN DE SERIE/ASIENTO SECUNDARIO--TÍTULO
Título Biblioteca de psicología y psicoanálisis
650 #4 - ASIENTO SECUNDARIO DE MATERIA - TERMINO TEMATICO
Término de materia o nombre geográfico como elemento de entrada Psicoterapia
9 (RLIN) 8720
901 ## - ELEMENTOS DE DATOS A LOCAL LDA (RLIN)
a 183820
902 ## - ELEMENTOS DE DATOS B LOCAL, LDB (RLIN)
Creó MITM/cav
905 ## - TIPO DE MATERIAL
Tipo de material Libro
Holdings
Estado de retiro Estado de pérdida Fuente del sistema de clasificación o colocación Estado dañado No para préstamo Código de colección Localización permanente Ubicación/localización actual Ubicación en estantería Enumeración/cronología de publicación seriada Total de préstamos Clasificación Código de barras Fecha visto por última vez Número de copia Tipo de ítem Koha
    Library of Congress Classification     Colección General Bib. Gregorio Torres Quintero Bib. Gregorio Torres Quintero Planta baja - 3 RC459 H3.418 183820 31/12/2020 1 Libro
    Library of Congress Classification     Colección General Bib. Gregorio Torres Quintero Bib. Gregorio Torres Quintero Planta baja - 3 RC459 H3.418 193536 31/12/2020 1 Libro
    Library of Congress Classification     Colección General Bib. Gregorio Torres Quintero Bib. Gregorio Torres Quintero Planta baja - 2 RC459 H3.418 196417 31/12/2020 1 Libro